| 000 | 00546nam a2200169Ia 4500 | ||
|---|---|---|---|
| 008 | 190719s9999||||xx |||||||||||||| ||und|| | ||
| 020 |
_a9781870077170 _c£ 55.00 |
||
| 040 | _aIMU Kochi | ||
| 082 | 0 | 4 |
_a623.8824 _bB7641 |
| 110 | _aThe Nautical Institute | ||
| 245 | 0 |
_aBridge Watch keeping: A Practical Guide / _cThe Nautical Institute |
|
| 250 | _a2nd ed. | ||
| 260 |
_aLondon : _bThe Nautical Institute , _c2016 |
||
| 300 |
_a180 p. _b : ill., maps _c; 30 cm. |
||
| 650 |
_aMerchant marine _xWatch duty _vHandbooks, manuals, etc |
||
| 942 |
_2ddc _cBK |
||
| 999 |
_c23 _d23 |
||